LEADER 01476nam0 22003011i 450 001 UON00217115 005 20250711111236.571 100 $a20030730d1998 |0itac50 ba 101 $aspa 102 $aAR 105 $a|||| ||||| 200 1 $aˆLa ‰casa de Atreo en la literatura en inglés y en la literatura argentina, II$ey otros temas miticos$fcoordinación: Eugenia Flores de Molinillo 210 $aSan Miguel de Tucumán$cMagna Publicaciones$d1998 215 $a149 p.$d22 cm 300 $aIn testa al front.: Universidad Nacional de Tucumán, Facultad de Filosofia y Letras, Consejo de Investigaciones. 316 $aCambio Annali Sezione Romanza$5IT-UONSI SPAM/119 b 606 $aLetteratura argentina e letteratura inglese$3UONC045900$2FI 606 $aLETTERATURA INGLESE E LETTERATURA ARGENTINA$3UONC045901$2FI 620 $dSan Miguel de Tucumán$3UONL003461 676 $aAr860$cLetteratura argentina$v21 702 1$aFLORES DE MOLINILLO$bEugenia$3UONV131546 712 $aMagna Publicaciones$3UONV268425$4650 801 $aIT$bSOL$c20251024$gRICA 899 $aSIBA - SISTEMA BIBLIOTECARIO DI ATENEO$2UONSI 912 $aUON00217115 950 $aSIBA - SISTEMA BIBLIOTECARIO DI ATENEO$dSI SPA M 119 b $eSI LO 64559 5 119 b Cambio Annali Sezione Romanza 996 $aCasa de Atreo en la literatura en inglés y en la literatura argentina, II$91264307 997 $aUNIOR